LEADER 01442nam a2200217 4500 001 000000340881 003 CaOOAMICUS 005 20220209145739.0 008 200703s1815 it a 000 u ita r 026 $an-ti a-a- i-il dede (7) 1815 (A) 040 $aSeMil$bita 100 11$aMalte-Brun, Conrad,$d<1775-1826>.$0(OLS)http://semarc/name/89813 245 00$a2: Teorica generale della geografia. 264 1$aMilano :$bDalla Tipografia Sonzogno e Compagni,$c1815. 300 $a641, [1] p., IV c. di tav. ripieg. :$bill. ;$c8° 773 0 $aMalte-Brun, Conrad <1775-1826>$tGeografia universale o Descrizione di tutte le parti del mondo trattata su d'un nuovo piano e giusta le gran divisioni naturali del globo preceduta dalla storia della geografia presso i popoli antichi e moderni e da una teorica generale della geografia matematica, fisica e politica; fornita di carte, prospetti analitici, sinottici ed elementari, e d'una tavola alfabetica delle denominazioni de' luoghi. Di Malte Brun. Traduzione dal francese. Tomo 1. [-8.].$dMilano : Dalla Tipografia Sonzogno e Compagni, 1815-1830.$g2$w()340878 850 $aSeMil 852 $aSeMil$W1$xVenegono$y1$m3XD V 2 FA$j219660$B231899$CSeMilBibl$Z2$F231899 $8I 996 $6245$a2: Teorica generale della geografia$9(OLS)http://semarc/title/429958 996 $6264$aMilano :$bDalla Tipografia Sonzogno e Compagni$9(OLS)http://semarc/publisher/34319 LEADER 01167nam a2200277 i 4500 001 000000052630 003 CaOOAMICUS 005 20220913104621.0 008 120416s1956 it u000 u ita u 013 $a23802 040 $aSeMil$bita 100 1 $aCourberive, Jean : de.$0(OLS)http://semarc/name/25970 240 10$aComment sortir du complexe d'infériorité.$0(OLS)http://semarc/title/80826 245 10$aCome superare il complesso d'inferiorità /$cJ. de Courberive. 250 $a2. edizione. 260 $aRoma :$bPaoline,$cstampa 1956. 300 $a92 p. ;$c18 cm. 490 0 $aPsychologica : collana universale di psicologia e pedagogia ;$v7 500 $aRilegato con: 2D I 133/A,C 650 4$aPsicologia.$0(OLS)http://semarc/subject/1671 830 0$aPsychologica : collana universale di psicologia e pedagogia ;$v7.$0(OLS)http://semarc/title/417 850 $aSeMil 852 $aSeMil$W1$xVenegono$y1$m2D I 133/B$j18784$B18784$CSeMilBibl$Z2$F18786 $81 996 $6245$aCome superare il complesso d'inferiorità$9(OLS)http://semarc/title/80825 996 $6260$aRoma :$bPaoline$9(OLS)http://semarc/publisher/29686